| 000 | 01255cam a22002295a 4500 | ||
|---|---|---|---|
| 001 | L159046 | ||
| 008 | 151216s2015 xxk f 000 0 eng d | ||
| 035 | _a(Sirsi) u159046 | ||
| 041 | 0 | _aeng | |
| 110 | 2 |
_aColliers International _95548 |
|
| 245 | 0 | 0 |
_aBusiness rates _bHow the 2017 Rating Revaluation will affect high street retailers _h[electronic resource] |
| 260 |
_aLondon _bColliers International _c2015 |
||
| 520 | _aAssesses how the 2017 Rating Revaluation will affect high street retailers. Considers how rental values have changed between the valuation date of 1 April 2008 (the valuation date for the 2010 Rating List) and 1 April 2015 (the valuation date for 2017 Rating List). Based on data collected on 421 retail centres for its annual Midsummer report on the retail market across the UK, analyses how business rates changes will effect retailers from 2017. | ||
| 590 | _aKA | ||
| 650 | 2 | 4 | _aBUSINESS RATES |
| 650 | 2 | 4 | _aREVALUATION |
| 651 | 4 |
_aUnited Kingdom _y |
|
| 690 | _aFinance and taxation | ||
| 690 |
_aCommercial property _96227 |
||
| 856 | 4 | 0 |
_uhttps://www.colliers.com/en-gb/uk/services/business-rates/rating-revaluation-high-street-retailers _zView the item free of charge from the www.colliers.com website |
| 942 | _n0 | ||
| 999 |
_c115644 _d115644 |
||